[Event "British Chess Championships 2023: PM Tournament U1750"]
[Site "The Venue, De Montfort University, 20 Western Boulevard, Leicester, LE2 7BU"]
[Date "2023.07.25"]
[Round "2"]
[Board "6"]
[White "Belur, Ankita"]
[Black "Horspool, Joseph"]
[Result "1-0"]
[WhiteElo "1479"]
[BlackElo "1621"]
[PlyCount "49"]
[EventDate "2023.07.24"]
[EventRounds "6"]
[EventCountry "ENG"]

1. c4 f5 2. Nc3 Nf6 3. Nf3 d6 4. d3 e5 5. a3 a5 6. Rb1 Be7 7. b4 axb4 8. axb4 O-O
9. g3 Qe8 10. Bg2 c6 11. O-O Qh5 12. b5 f4 13. Qd2 Bh3 14. Rd1 Ng4 15. Bh1 Rf6 16.
bxc6 bxc6 17. Rb7 fxg3 18. fxg3 Rf7 19. Qb2 Na6 20. Qb6 Qf5 21. Qxc6 d5 22. Rxe7
Rxe7 23. Qxa8+ Kf7 24. Qxd5+ Kg6 25. Nh4+  1-0

[Event "British Chess Championships 2023: PM Tournament U1750"]
[Site "The Venue, De Montfort University, 20 Western Boulevard, Leicester, LE2 7BU"]
[Date "2023.07.25"]
[Round "2"]
[Board "7"]
[White "Scott, Jane"]
[Black "Hayes, Solomon"]
[Result "0-1"]
[WhiteElo "1477"]
[BlackElo "1613"]
[PlyCount "86"]
[EventDate "2023.07.24"]
[EventRounds "6"]
[EventCountry "ENG"]

1. e4 c5 2. c3 d5 3. exd5 Qxd5 4. d4 Nc6 5. Nf3 Nf6 6. Be3 cxd4 7. Nxd4 Ng4 8. Nxc6
Qxc6 9. Bd4 e5 10. Qe2 Be7 11. Bxe5 O-O 12. Nd2 Bc5 13. O-O-O Nxf2 14. h3 Nxh1 15.
Ne4 Re8 16. Ng5 Ng3 17. Qc4 Be3+ 18. Kb1 Qxc4 19. Bxc4 Bf5+ 20. Ka1 Bxg5 21. Bxg3
Rad8 22. Rf1 Be6 23. Bxe6 Rxe6 24. a3 g6 25. Rf2 Rde8 26. Bf4 Bxf4 27. Rxf4 Re1+
28. Ka2 R1e2 29. g3 Rg2 30. Rb4 b6 31. g4 Ree2 32. h4 Kg7 33. g5 h5 34. Kb1 Rg4 35.
Ka2 Rxb4 36. axb4 Re4 37. Kb3 Rxh4 38. c4 Rg4 39. c5 bxc5 40. bxc5 Rxg5 41. Kc4 Re5
42. c6 Re8 43. b4 h4  0-1

[Event "British Chess Championships 2023: PM Tournament U1750"]
[Site "The Venue, De Montfort University, 20 Western Boulevard, Leicester, LE2 7BU"]
[Date "2023.07.25"]
[Round "2"]
[Board "8"]
[White "Morris, Simon"]
[Black "Weersing, Nathan"]
[Result "1-0"]
[WhiteElo "1604"]
[BlackElo "1526"]
[PlyCount "119"]
[EventDate "2023.07.24"]
[EventRounds "6"]
[EventCountry "ENG"]

1. e4 e6 2. d4 d5 3. Nd2 dxe4 4. Nxe4 Nd7 5. Nf3 Ngf6 6. Nxf6+ Nxf6 7. g3 b6 8. Bb5+
Bd7 9. a4 Bxb5 10. axb5 Bd6 11. O-O h5 12. Bg5 Be7 13. Ne5 Qd5 14. c4 Qe4 15. Qf3
Qxf3 16. Nxf3 Ng8 17. Be3 h4 18. Ne5 hxg3 19. hxg3 Bd6 20. Nc6 Ne7 21. Nxa7 Kd7 22.
c5 bxc5 23. dxc5 Be5 24. Ra2 Rh3 25. Kg2 Rah8 26. Rd1+ Nd5 27. Nc6 Bf6 28. Nb4 Rh2+
29. Kf3 Rh1 30. Rd2 R8h5 31. Nxd5 exd5 32. b6 cxb6 33. cxb6 Kc6 34. Rc2+ Kb7 35.
Ra7+ Kb8 36. Rxf7 d4 37. b7 Rf5+ 38. Kg2 Rh8 39. Bf4+ Rxf4 40. gxf4 d3 41. Rd2 Rd8
42. Kf3 Bxb2 43. Ke4 Re8+ 44. Kxd3 Rd8+ 45. Kc2 Bd4 46. Rxg7 Rd5 47. Rf7 Rc5+ 48.
Kd3 Ba1 49. Ra2 Rc3+ 50. Ke2 Rc7 51. Ra8+ Kxb7 52. Rxc7+ Kxa8 53. Rc1 Bb2 54. Rc2
Bd4 55. f5 Kb7 56. Kd3 Bf6 57. Ke4 Kb6 58. Kd5 Bh4 59. Ke6 Bg5 60. f6  1-0

[Event "British Chess Championships 2023: PM Tournament U1750"]
[Site "The Venue, De Montfort University, 20 Western Boulevard, Leicester, LE2 7BU"]
[Date "2023.07.25"]
[Round "2"]
[Board "9"]
[White "Smithson, Sean"]
[Black "Singhal, Saket"]
[Result "1-0"]
[WhiteElo "1301"]
[BlackElo "1617"]
[PlyCount "67"]
[EventDate "2023.07.24"]
[EventRounds "6"]
[EventCountry "ENG"]

1. e4 c6 2. d4 d5 3. e5 Bf5 4. h4 h6 5. Bd3 Bxd3 6. Qxd3 e6 7. Nf3 Nd7 8. O-O Be7
9. g3 c5 10. c3 c4 11. Qc2 Nf8 12. Qa4+ Qd7 13. Qxd7+ Nxd7 14. a4 f6 15. exf6 Ngxf6
16. Re1 Ne4 17. Nbd2 O-O 18. Kg2 Ndf6 19. Nxe4 Nxe4 20. Be3 Bd6 21. Nd2 Nf6 22. Re2
h5 23. Rae1 Ne8 24. Nf3 Nc7 25. Ng5 Rf6 26. Bc1 Raf8 27. f4 Re8 28. Kh3 g6 29. b3
Re7 30. bxc4 dxc4 31. Ne4 Bxf4 32. Nxf6+ Kf7 33. Bxf4 Kxf6 34. Bg5+  1-0

[Event "British Chess Championships 2023: PM Tournament U1750"]
[Site "The Venue, De Montfort University, 20 Western Boulevard, Leicester, LE2 7BU"]
[Date "2023.07.25"]
[Round "2"]
[Board "10"]
[White "O Hanlon, Joseph"]
[Black "Mehrgan, Mehrsam"]
[Result "0-1"]
[WhiteElo "1597"]
[BlackElo "1118"]
[PlyCount "70"]
[EventDate "2023.07.24"]
[EventRounds "6"]
[EventCountry "ENG"]

1. d4 d5 2. Bf4 c5 3. e3 Bf5 4. c3 a6 5. Qb3 Qd7 6. Nf3 Nc6 7. Nbd2 e6 8. Be2 Nf6
9. O-O Be7 10. Ne5 Nxe5 11. dxe5 Ne4 12. Nxe4 Bxe4 13. Rfd1 c4 14. Qb6 O-O 15. f3
Bg6 16. Qd4 Qc6 17. Qd2 Bc5 18. Kh1 h6 19. Re1 Qb6 20. Bd1 Qa7 21. Bg3 b5 22. Bf2
Qc7 23. Bg3 Qb6 24. Bf2 b4 25. Bc2 bxc3 26. bxc3 Qb2 27. Rec1 Ba3 28. Kg1 Bd3 29.
Bg3 Rab8 30. Kf2 Rb5 31. Ke1 Rfb8 32. Kd1 R8b7 33. h4 R5b6 34. h5 Bxc2+ 35. Qxc2
Qb5  0-1

[Event "British Chess Championships 2023: PM Tournament U1750"]
[Site "The Venue, De Montfort University, 20 Western Boulevard, Leicester, LE2 7BU"]
[Date "2023.07.25"]
[Round "2"]
[Board "11"]
[White "Crompton, Robert"]
[Black "Jestico, John V"]
[Result "1-0"]
[WhiteElo "1662"]
[BlackElo "1466"]
[PlyCount "131"]
[EventDate "2023.07.24"]
[EventRounds "6"]
[EventCountry "ENG"]

1. e4 e6 2. d4 d5 3. Nc3 Nf6 4. e5 Nfd7 5. f4 c5 6. Nf3 Nc6 7. Be3 a6 8. Qd2 b5 9.
a3 c4 10. Be2 h6 11. O-O Ne7 12. Nd1 Qc7 13. Nf2 Nb6 14. Nh4 g6 15. Ng4 Bg7 16. Qe1
Nf5 17. Nxf5 gxf5 18. Nf2 a5 19. Bd2 Nd7 20. Nd1 a4 21. Bh5 Nb8 22. Nc3 Ba6 23. Kh1
Nc6 24. Ne2 O-O-O 25. Rb1 Qa7 26. Qc1 f6 27. b3 axb3 28. cxb3 fxe5 29. bxc4 dxc4
30. dxe5 Rd7 31. Bf3 Kc7 32. Be3 Qb8 33. Nc3 Bf8 34. Nxb5+ Bxb5 35. a4 Nb4 36. axb5
Qxb5 37. Be2 Kd8 38. Bd2 Rc7 39. Qe1 Rg8 40. Bxb4 Bxb4 41. Qxb4 Qc6 42. Qd6+ Kc8
43. Qxc6 Rxc6 44. Rfc1 c3 45. Rb3 Rg7 46. Rbxc3 Rxc3 47. Rxc3+ Kd8 48. Kg1 Ra7 49.
Kf2 Ke7 50. Rh3 Ra4 51. Rxh6 Rxf4+ 52. Bf3 Ra4 53. Rh7+ Kf8 54. Rb7 Ra5 55. h4 Rxe5
56. Kg3 Rc5 57. Kf4 Rc4+ 58. Kg5 f4 59. Kf6 Rc8 60. Kxe6 Kg8 61. Kf5 Rf8+ 62. Kg6
Kh8 63. Rh7+ Kg8 64. Bd5+ Rf7 65. Rxf7 f3 66. Rxf3+  1-0

[Event "British Chess Championships 2023: PM Tournament U1750"]
[Site "The Venue, De Montfort University, 20 Western Boulevard, Leicester, LE2 7BU"]
[Date "2023.07.25"]
[Round "2"]
[Board "12"]
[White "Kumar, Arnav"]
[Black "Joseph, Tomy"]
[Result "1/2-1/2"]
[WhiteElo "1649"]
[BlackElo "1549"]
[PlyCount "121"]
[EventDate "2023.07.24"]
[EventRounds "6"]
[EventCountry "ENG"]

1. e4 g6 2. d4 Bg7 3. Nf3 d6 4. Be3 Nf6 5. Nbd2 O-O 6. Be2 c5 7. dxc5 dxc5 8. Bxc5
Qc7 9. Bd4 Nc6 10. Bxf6 Bxf6 11. O-O Bxb2 12. Rb1 Bg7 13. c4 Rd8 14. Qc2 Nd4 15.
Nxd4 Bxd4 16. Nf3 Bg7 17. Rfd1 Bg4 18. h3 Rxd1+ 19. Rxd1 Bxf3 20. Bxf3 Rc8 21. Bg4
e6 22. Rb1 b6 23. Rd1 h5 24. Be2 b5 25. c5 b4 26. c6 Bc3 27. Ba6 Rb8 28. Bb7 Rd8
29. Rd3 Kf8 30. Qd1 Ke7 31. Rxd8 Qxd8 32. Qxd8+ Kxd8 33. Kf1 Kc7 34. Ke2 a5 35. Kd3
Be5 36. Kc4 Kb6 37. f3 Bd6 38. Kb3 Kb5 39. Bc8 a4+ 40. Kc2 Kxc6 41. Ba6 h4 42. Bf1
Kc5 43. Be2 Kd4 44. Bb5 a3 45. Be8 f5 46. Bxg6 f4 47. Bh5 Ke3 48. Bg4 e5 49. Kb3
Kf2 50. Bf5 Kxg2 51. Bg4 Bc5 52. Kc2 Kf2 53. Bh5 Ke3 54. Kb3 Kd4 55. Bg4 Kd3 56.
Bh5 Kd4 57. Bg4 Bd6 58. Bh5 Kc5 59. Bg4 Kb5 60. Bh5 Kb6 61. Bg4  1/2-1/2

[Event "British Chess Championships 2023: PM Tournament U1750"]
[Site "The Venue, De Montfort University, 20 Western Boulevard, Leicester, LE2 7BU"]
[Date "2023.07.25"]
[Round "2"]
[Board "13"]
[White "Zigmond, Andrew"]
[Black "Fraser, Chris A"]
[Result "1/2-1/2"]
[WhiteElo "1647"]
[BlackElo "1508"]
[PlyCount "49"]
[EventDate "2023.07.24"]
[EventRounds "6"]
[EventCountry "ENG"]

1. e4 c5 2. Nf3 g6 3. d4 cxd4 4. Nxd4 Nf6 5. Nc3 Nc6 6. Be3 Bg7 7. f3 O-O 8. Bc4
Qb6 9. Bb3 Nxe4 10. Nd5 Qa5+ 11. c3 Nf6 12. Nxc6 bxc6 13. Nxe7+ Kh8 14. Nxc8 Raxc8
15. Qd2 d5 16. O-O Rfe8 17. Bd4 Nd7 18. Rfe1 Bxd4+ 19. Qxd4+ Kg8 20. Kf2 Qc5 21.
Qxc5 Nxc5 22. Bc2 Kf8 23. Rxe8+ Rxe8 24. Re1 Rb8 25. b4  1/2-1/2

[Event "British Chess Championships 2023: PM Tournament U1750"]
[Site "The Venue, De Montfort University, 20 Western Boulevard, Leicester, LE2 7BU"]
[Date "2023.07.25"]
[Round "2"]
[Board "14"]
[White "Jones, Michael R"]
[Black "Horlock, Peter J"]
[Result "0-1"]
[WhiteElo "1556"]
[BlackElo "1628"]
[PlyCount "90"]
[EventDate "2023.07.24"]
[EventRounds "6"]
[EventCountry "ENG"]

1. e4 e5 2. Nf3 Nc6 3. Nc3 d6 4. d4 exd4 5. Nxd4 Nge7 6. Bb5 Bd7 7. Nf3 a6 8. Bxc6
Nxc6 9. h3 Qe7 10. O-O O-O-O 11. Re1 f6 12. Nd5 Qf7 13. a3 g5 14. Nd4 Ne5 15. Ne3
h5 16. Ndf5 g4 17. h4 Qg6 18. Kh1 Bxf5 19. exf5 Qh7 20. Qd5 Re8 21. Bd2 c6 22. Qb3
Bh6 23. Rad1 Bxe3 24. Bxe3 d5 25. Qc3 Qf7 26. Qc5 Nc4 27. Qd4 Nxe3 28. Rxe3 Rxe3
29. Qxe3 Re8 30. Qd3 Re5 31. c4 Qd7 32. Qc2 Qxf5 33. Qxf5+ Rxf5 34. cxd5 Rxd5 35.
Re1 Rd2 36. b4 Rxf2 37. Kh2 Kc7 38. Kg3 Rf5 39. Re3 Kb6 40. Re4 Kb5 41. Rf4 Rxf4
42. Kxf4 Ka4 43. Kf5 Kxa3 44. Kxf6 Kxb4 45. Kg5 a5  0-1

[Event "British Chess Championships 2023: PM Tournament U1750"]
[Site "The Venue, De Montfort University, 20 Western Boulevard, Leicester, LE2 7BU"]
[Date "2023.07.25"]
[Round "2"]
[Board "15"]
[White "Flint, James"]
[Black "Kumar, Sachin"]
[Result "0-1"]
[WhiteElo "1534"]
[BlackElo "1613"]
[PlyCount "122"]
[EventDate "2023.07.24"]
[EventRounds "6"]
[EventCountry "ENG"]

1. c4 e5 2. Nc3 Nc6 3. g3 Nf6 4. Bg2 Bb4 5. e4 Bxc3 6. bxc3 O-O 7. Ne2 d6 8. O-O
Be6 9. d3 Qd7 10. f4 Bh3 11. f5 Bxg2 12. Kxg2 h6 13. Be3 Kh7 14. h3 Rad8 15. Qd2
Ne7 16. Qb2 b6 17. a4 a5 18. Qb5 Qc6 19. Rh1 Qxb5 20. axb5 g6 21. g4 gxf5 22. gxf5
Rg8+ 23. Kf3 Nh5 24. Rhg1 Rxg1 25. Rxg1 Rg8 26. Rxg8 Nxg8 27. d4 Nhf6 28. c5 bxc5
29. dxc5 dxc5 30. Bxc5 Nd7 31. Be3 Nb6 32. Nc1 Nf6 33. Nd3 Nfd7 34. Bf2 Nc4 35. Bh4
f6 36. Bf2 Nd6 37. Nc5 Nxc5 38. Bxc5 Nxb5 39. c4 Nd6 40. Bxd6 cxd6 41. Ke3 Kg7 42.
Kd3 Kf7 43. Kc3 Ke7 44. Kb3 Kd7 45. Ka4 Kc6 46. Kxa5 Kc5 47. Ka6 Kxc4 48. Kb6 d5
49. exd5 Kxd5 50. Kc7 e4 51. Kd7 e3 52. Ke7 Ke5 53. Kf7 e2 54. Ke7 e1=Q 55. Kd7 Qd2+
56. Kc6 Qd5+ 57. Kc7 Qd6+ 58. Kb7 Kd5 59. Ka7 Qb4 60. h4 Kc6 61. Ka8 Qb7#  0-1

[Event "British Chess Championships 2023: PM Tournament U1750"]
[Site "The Venue, De Montfort University, 20 Western Boulevard, Leicester, LE2 7BU"]
[Date "2023.07.25"]
[Round "2"]
[Board "16"]
[White "Yu, William"]
[Black "Gilbert, David J"]
[Result "1-0"]
[WhiteElo "1372"]
[BlackElo "1603"]
[PlyCount "23"]
[EventDate "2023.07.24"]
[EventRounds "6"]
[EventCountry "ENG"]

1. d4 Nf6 2. Nf3 g6 3. g3 Bg7 4. Bg2 O-O 5. c3 c5 6. O-O Qb6 7. Qb3 Qxb3 8. axb3
cxd4 9. Nxd4 a6 10. Bf4 Nc6 11. Nb5 Nd5 12. Bxd5  1-0

[Event "British Chess Championships 2023: PM Tournament U1750"]
[Site "The Venue, De Montfort University, 20 Western Boulevard, Leicester, LE2 7BU"]
[Date "2023.07.25"]
[Round "2"]
[Board "17"]
[White "Brown, Chris"]
[Black "Pride, Stephen C"]
[Result "0-1"]
[WhiteElo "1477"]
[BlackElo "1584"]
[PlyCount "120"]
[EventDate "2023.07.24"]
[EventRounds "6"]
[EventCountry "ENG"]

1. e4 Nf6 2. e5 Nd5 3. d4 d6 4. Nf3 c6 5. Be2 Bf5 6. c3 dxe5 7. Nxe5 Nd7 8. Nxd7
Qxd7 9. O-O e6 10. Nd2 Bd6 11. Nf3 Qc7 12. h3 h6 13. Re1 O-O 14. Bd3 Bxd3 15. Qxd3
Rad8 16. Bd2 c5 17. Rac1 c4 18. Qe2 b5 19. a4 a6 20. axb5 axb5 21. Ra1 Ra8 22. Rec1
Qc6 23. Ne5 Bxe5 24. Qxe5 Qc7 25. Qxc7 Nxc7 26. Bf4 Nd5 27. Bg3 Rfd8 28. Kf1 Kf8
29. Ke2 Ke8 30. Kd2 Kd7 31. Ke2 Kc6 32. Kd2 Kb7 33. Ke2 Rxa1 34. Rxa1 Ra8 35. Rxa8
Kxa8 36. Bd6 h5 37. g3 Kb7 38. Kd2 Kc6 39. Bf8 g6 40. Ke2 Nf6 41. Ke3 Kd5 42. f3
Nd7 43. Be7 f6 44. Kd2 e5 45. dxe5 Kxe5 46. Ke3 Ke6 47. Bb4 Ne5 48. Bf8 Nd3 49. Ba3
g5 50. Kd2 h4 51. gxh4 gxh4 52. Ke3 Kf5 53. Ke2 Nf4+ 54. Ke3 Nxh3 55. Bd6 Ng5 56.
Bc7 Ne6 57. Bd6 h3 58. Bh2 Nc5 59. Bd6 Nd3 60. Ba3 h2  0-1

[Event "British Chess Championships 2023: PM Tournament U1750"]
[Site "The Venue, De Montfort University, 20 Western Boulevard, Leicester, LE2 7BU"]
[Date "2023.07.25"]
[Round "2"]
[Board "18"]
[White "Yi, Louis"]
[Black "Nargund, Sujan"]
[Result "1-0"]
[WhiteElo "1443"]
[BlackElo "1564"]
[PlyCount "105"]
[EventDate "2023.07.24"]
[EventRounds "6"]
[EventCountry "ENG"]

1. e4 c5 2. Nc3 Nc6 3. Bb5 Nd4 4. Nf3 Nxf3+ 5. Qxf3 g6 6. O-O Bg7 7. Bc4 e6 8. Nb5
d6 9. d3 a6 10. Nc3 b5 11. Bb3 Ne7 12. Ne2 O-O 13. c3 Nc6 14. Bf4 Bb7 15. Qe3 Ne7
16. Rad1 Rc8 17. Bh6 d5 18. Bxg7 Kxg7 19. e5 Nf5 20. Qf4 Qe7 21. d4 c4 22. Bc2 Qd8
23. Bxf5 exf5 24. h4 h5 25. Qg3 Kh8 26. Nf4 Rg8 27. e6 Qf6 28. exf7 Qxf7 29. Rfe1
Rce8 30. Qg5 Rxe1+ 31. Rxe1 Rg7 32. Qh6+ Kg8 33. Ne6 Rh7 34. Qg5 Qe8 35. Re5 Re7
36. Nc7 Rxe5 37. Nxe8 Re1+ 38. Kh2 Rxe8 39. Qxg6+ Kf8 40. Qxf5+ Kg8 41. Qd7 Rf8 42.
Qxb7 Rxf2 43. Qxd5+ Kf8 44. Qc5+ Kg8 45. d5 Rxb2 46. d6 Rd2 47. Qg5+ Kf8 48. Qxd2
b4 49. d7 bxc3 50. d8=Q+ Kf7 51. Q2d5+ Kg7 52. Q8g8+ Kf6 53. Qgg5#  1-0

[Event "British Chess Championships 2023: PM Tournament U1750"]
[Site "The Venue, De Montfort University, 20 Western Boulevard, Leicester, LE2 7BU"]
[Date "2023.07.26"]
[Round "3"]
[Board "1"]
[White "Sugden, Freddie"]
[Black "Morris, Simon"]
[Result "1/2-1/2"]
[WhiteElo "1700"]
[BlackElo "1604"]
[PlyCount "108"]
[EventDate "2023.07.24"]
[EventRounds "6"]
[EventCountry "ENG"]

1. e4 e5 2. d4 exd4 3. c3 Qe7 4. Bd3 d5 5. Qe2 dxe4 6. Qxe4 dxc3 7. Nxc3 Nf6 8. Qxe7+
Bxe7 9. Bf4 c6 10. Nf3 O-O 11. h3 Nbd7 12. O-O-O Nb6 13. Rhe1 Nfd5 14. Be5 Bf6 15.
Nxd5 Nxd5 16. Bxf6 Nxf6 17. Bc4 Bf5 18. Re7 b5 19. Bb3 Be4 20. Ne5 Bd5 21. Bxd5 cxd5
22. Nc6 Rac8 23. Rxa7 Rxc6+ 24. Kb1 Rb8 25. g4 h6 26. Re1 Ne4 27. Re2 Rf6 28. Rd7
Rxf2 29. Rxf2 Nxf2 30. Rxd5 Nxh3 31. Kc2 Nf2 32. Rd4 Kh7 33. Rf4 Nxg4 34. Rxg4 g5
35. Rb4 f5 36. Kd3 Kg6 37. a4 g4 38. Rxb5 Re8 39. Rc5 g3 40. Rc2 f4 41. Re2 Kf7 42.
a5 f3 43. Rxe8 Kxe8 44. a6 g2 45. a7 g1=Q 46. a8=Q+ Ke7 47. Qe4+ Kd6 48. Qf4+ Kc5
49. b4+ Kb5 50. Qc4+ Kb6 51. Qe6+ Kc7 52. Qe7+ Kc6 53. Qe6+ Kb7 54. Qd5+ Kc7  1/2-1/2

[Event "British Chess Championships 2023: PM Tournament U1750"]
[Site "The Venue, De Montfort University, 20 Western Boulevard, Leicester, LE2 7BU"]
[Date "2023.07.26"]
[Round "3"]
[Board "2"]
[White "Mccormick, Graeme S"]
[Black "Li, Xiaofan"]
[Result "1/2-1/2"]
[WhiteElo "1523"]
[BlackElo "1673"]
[PlyCount "97"]
[EventDate "2023.07.24"]
[EventRounds "6"]
[EventCountry "ENG"]

1. e4 c6 2. g3 d5 3. Nc3 dxe4 4. Nxe4 Nf6 5. Nxf6+ exf6 6. Bg2 Bd6 7. Ne2 O-O 8.
O-O Re8 9. h3 Be6 10. d3 Qc8 11. Kh2 Nd7 12. Bf4 Qc7 13. Qd2 Ne5 14. Nd4 Bd7 15.
b4 Rad8 16. c4 Ng6 17. Bxd6 Qxd6 18. Nf3 Be6 19. Rad1 Ne5 20. Nxe5 fxe5 21. c5 Qd4
22. Rfe1 Bd5 23. Bxd5 Qxd5 24. Re2 b6 25. cxb6 axb6 26. Qe3 c5 27. bxc5 bxc5 28.
Rc2 Rc8 29. Rdc1 h6 30. Rxc5 Rxc5 31. Rxc5 Qxa2 32. Kg2 Qa8+ 33. Qe4 Qxe4+ 34. dxe4
f6 35. Kf3 Kf7 36. Rc7+ Kg6 37. h4 h5 38. g4 hxg4+ 39. Kxg4 Rd8 40. Kg3 Rd3+ 41.
f3 Rd1 42. Kg2 Kh6 43. Rf7 Rd6 44. Kg3 g5 45. hxg5+ Kxg5 46. Rg7+ Kh6 47. Rf7 Kg6
48. Re7 Rd1 49. Kg4  1/2-1/2

[Event "British Chess Championships 2023: PM Tournament U1750"]
[Site "The Venue, De Montfort University, 20 Western Boulevard, Leicester, LE2 7BU"]
[Date "2023.07.26"]
[Round "3"]
[Board "3"]
[White "Belur, Ankita"]
[Black "Veeturi, Yashvardhan"]
[Result "0-1"]
[WhiteElo "1479"]
[BlackElo "1628"]
[PlyCount "58"]
[EventDate "2023.07.24"]
[EventRounds "6"]
[EventCountry "ENG"]

1. c4 c5 2. Nc3 Nc6 3. Nf3 g6 4. g3 Bg7 5. Bg2 e5 6. O-O Nge7 7. Rb1 d6 8. b3 O-O
9. Bb2 f5 10. d3 f4 11. Qc2 Nf5 12. Ne4 fxg3 13. hxg3 Ncd4 14. Nxd4 cxd4 15. Rbc1
h5 16. Ba3 Rf7 17. c5 d5 18. Nd6 Nxd6 19. cxd6 Be6 20. Qc5 b6 21. Qc6 Bh6 22. Rcd1
Rc8 23. Qb5 a6 24. Qb4 h4 25. Bc1 Rxc1 26. Rxc1 hxg3 27. fxg3 Be3+ 28. Kh2 Qg5 29.
Bf3 Qh6+  0-1

[Event "British Chess Championships 2023: PM Tournament U1750"]
[Site "The Venue, De Montfort University, 20 Western Boulevard, Leicester, LE2 7BU"]
[Date "2023.07.26"]
[Round "3"]
[Board "4"]
[White "Hayes, Solomon"]
[Black "Smithson, Sean"]
[Result "1/2-1/2"]
[WhiteElo "1613"]
[BlackElo "1301"]
[PlyCount "142"]
[EventDate "2023.07.24"]
[EventRounds "6"]
[EventCountry "ENG"]

1. e4 d6 2. d4 Nf6 3. Nc3 g6 4. Nf3 Bg7 5. Be2 O-O 6. h3 e5 7. Be3 exd4 8. Nxd4 c6
9. Qd2 Re8 10. f3 d5 11. exd5 Nxd5 12. Nxd5 Qxd5 13. c3 c5 14. Nb5 Qxd2+ 15. Kxd2
Na6 16. Rhe1 Bf5 17. Bc4 Rad8+ 18. Ke2 Bh6 19. Kf2 Bxe3+ 20. Rxe3 Rd2+ 21. Re2 Rexe2+
22. Bxe2 Bd3 23. Ke3 Rxe2+ 24. Kxd3 Rxb2 25. Kc4 b6 26. Rd1 Rc2 27. a3 Rxg2 28. Rd7
Nb4 29. axb4 cxb4 30. Kxb4 a5+ 31. Kc4 Rg5 32. Nd4 Rc5+ 33. Kb3 b5 34. Rb7 b4 35.
c4 Rh5 36. Rb5 Rh4 37. Nc2 Rxh3 38. Rxa5 Rxf3+ 39. Kxb4 Rf4 40. Kb5 h5 41. c5 Kf8
42. Kb6 Rc4 43. Ne3 Rc1 44. c6 f5 45. Rc5 Rb1+ 46. Kc7 f4 47. Kd7 fxe3 48. c7 Rb7
49. Re5 Kf7 50. Rxe3 Kf6 51. Kc6 Rxc7+ 52. Kxc7 g5 53. Kd6 g4 54. Re5 g3 55. Rxh5
g2 56. Rh8 Kg7 57. Rh5 g1=Q 58. Rd5 Kf6 59. Kc6 Qf2 60. Rd6+ Ke5 61. Rd5+ Ke4 62.
Rd6 Qa2 63. Rd7 Qa3 64. Rb7 Ke5 65. Rb6 Kd4 66. Rb5 Kc4 67. Rb6 Qc5+ 68. Kb7 Kd5
69. Ka7 Qc8 70. Rb5+ Kc6 71. Rc5+ Kxc5  1/2-1/2

[Event "British Chess Championships 2023: PM Tournament U1750"]
[Site "The Venue, De Montfort University, 20 Western Boulevard, Leicester, LE2 7BU"]
[Date "2023.07.26"]
[Round "3"]
[Board "5"]
[White "Mehrgan, Mehrsam"]
[Black "Foreman, Brian A"]
[Result "1-0"]
[WhiteElo "1118"]
[BlackElo "1744"]
[PlyCount "67"]
[EventDate "2023.07.24"]
[EventRounds "6"]
[EventCountry "ENG"]

1. Nf3 d5 2. d4 Nf6 3. c4 c6 4. Bf4 dxc4 5. e3 b5 6. a4 Bb7 7. axb5 cxb5 8. Nc3 a6
9. b3 e6 10. bxc4 Bb4 11. Qb3 a5 12. Nd2 Bxc3 13. Qxc3 b4 14. Qb2 O-O 15. Bd3 Nc6
16. O-O e5 17. dxe5 Nxe5 18. Bxh7+ Nxh7 19. Bxe5 f6 20. Bd4 Rf7 21. f3 Ng5 22. Nb3
Ne6 23. Rfc1 Rd7 24. Nc5 Nxc5 25. Bxc5 Rd2 26. Rc2 Rd1+ 27. Rxd1 Qxd1+ 28. Kf2 Qd3
29. Rc1 Rc8 30. Qd4 Qb3 31. Bb6 a4 32. c5 Bc6 33. Ba5 Rb8 34. Qf4  1-0

[Event "British Chess Championships 2023: PM Tournament U1750"]
[Site "The Venue, De Montfort University, 20 Western Boulevard, Leicester, LE2 7BU"]
[Date "2023.07.26"]
[Round "3"]
[Board "6"]
[White "Daly, Grant"]
[Black "Homer, Neil S"]
[Result "0-1"]
[WhiteElo "1596"]
[BlackElo "1648"]
[PlyCount "62"]
[EventDate "2023.07.24"]
[EventRounds "6"]
[EventCountry "ENG"]

1. d4 d5 2. c4 e6 3. Nc3 c5 4. cxd5 exd5 5. Nf3 Nc6 6. g3 Nf6 7. Bg2 Be7 8. O-O c4
9. e3 O-O 10. a3 Bf5 11. b3 Na5 12. bxc4 Nxc4 13. Qb3 Qb6 14. Qxb6 Nxb6 15. Ne5 Rfc8
16. Ne2 Rc7 17. Nf4 Rac8 18. h3 g5 19. Nfd3 Ne4 20. Ne1 Rxc1 21. Ra2 R8c3 22. g4
Be6 23. a4 Ra3 24. Rc2 Rxc2 25. Nxc2 Rxa4 26. f4 Bd7 27. Bxe4 dxe4 28. fxg5 Be6 29.
h4 Nc4 30. Kg2 Nxe5 31. dxe5 Ra2  0-1

[Event "British Chess Championships 2023: PM Tournament U1750"]
[Site "The Venue, De Montfort University, 20 Western Boulevard, Leicester, LE2 7BU"]
[Date "2023.07.26"]
[Round "3"]
[Board "7"]
[White "Tomy, Jake"]
[Black "Crompton, Robert"]
[Result "1-0"]
[WhiteElo "1540"]
[BlackElo "1662"]
[PlyCount "119"]
[EventDate "2023.07.24"]
[EventRounds "6"]
[EventCountry "ENG"]

1. e4 c5 2. Nf3 d6 3. c3 Nf6 4. Be2 g6 5. O-O Bg7 6. d3 O-O 7. Bg5 h6 8. Bh4 Qb6
9. Qc2 e5 10. Nbd2 Be6 11. c4 Nc6 12. Rab1 Qc7 13. Bxf6 Bxf6 14. a3 a5 15. b3 Kh8
16. a4 Rg8 17. h3 Be7 18. Nh2 f5 19. exf5 gxf5 20. f4 exf4 21. Rxf4 Bg5 22. Rff1
Be3+ 23. Kh1 Rg3 24. Rf3 Nd4 25. Qb2 Qg7 26. Rxg3 Qxg3 27. Ndf1 Qf2 28. Nxe3 Qxe3
29. Bf1 Kh7 30. Qc1 Qg3 31. Qe1 Qxe1 32. Rxe1 Kg6 33. Nf3 Kf6 34. Nxd4 cxd4 35. Re2
Rc8 36. Rf2 d5 37. Rf4 dxc4 38. dxc4 Rd8 39. Bd3 Ke5 40. g3 Rd6 41. Rf3 Bd7 42. Kg1
Bc6 43. Rxf5+ Ke6 44. Rxa5 Bf3 45. c5 Rc6 46. Rb5 Ke5 47. b4 Be4 48. Bxe4 Kxe4 49.
Rxb7 Ke3 50. Kf1 Kd2 51. Rb6 Rc8 52. Rd6 Rf8+ 53. Kg2 d3 54. c6 Rc8 55. b5 Ke2 56.
b6 Rf8 57. Re6+ Kd1 58. c7 d2 59. b7 h5 60. b8=Q  1-0

[Event "British Chess Championships 2023: PM Tournament U1750"]
[Site "The Venue, De Montfort University, 20 Western Boulevard, Leicester, LE2 7BU"]
[Date "2023.07.26"]
[Round "3"]
[Board "8"]
[White "Cuthbert, Larissa"]
[Black "Horlock, Peter J"]
[Result "0-1"]
[WhiteElo "1542"]
[BlackElo "1628"]
[PlyCount "90"]
[EventDate "2023.07.24"]
[EventRounds "6"]
[EventCountry "ENG"]

1. d4 d5 2. c4 Nf6 3. Nc3 e6 4. cxd5 exd5 5. Bg5 Be7 6. e3 Nbd7 7. Bd3 O-O 8. Nge2
c6 9. a4 Ne4 10. h4 h6 11. Nxe4 dxe4 12. Bxe4 hxg5 13. hxg5 g6 14. Qc2 Bb4+ 15. Kf1
Qxg5 16. Nf4 Nf6 17. Bxg6 Bd6 18. Bh7+ Kg7 19. a5 Rh8 20. Nh3 Bxh3 21. gxh3 Qb5+
22. Bd3 Qd5 23. Ke2 Rae8 24. Rhg1+ Kf8 25. Bc4 Qh5+ 26. Kd3 Qf5+ 27. Kc3 Qxc2+ 28.
Kxc2 Rxh3 29. Rg2 Rf3 30. Bd3 Ke7 31. Rag1 Kd7 32. Kd1 Ne4 33. Ke2 Rf6 34. f3 Ng3+
35. Kf2 Nf5 36. Bxf5+ Rxf5 37. Rg5 Rxg5 38. Rxg5 Bb4 39. Ke2 Rh8 40. Kd3 Rh2 41.
Rg7 Ke7 42. b3 Bxa5 43. Rg8 Rd2+ 44. Kc4 b5+ 45. Kc5 Rc2#  0-1